UK Birds by Picture (Warbler Special) - Statistics

General Stats
  • This quiz has been taken 60 times
  • The average score is 14 of 24
Answer Stats
Picture Answer % Correct
Blackcap
95%
Reed Warbler
92%
Chiffchaff
87%
Cetti's Warbler
82%
Lesser Whitethroat
82%
Whitethroat
82%
Sedge Warbler
76%
Dartford Warbler
74%
Garden Warbler
74%
Willow Warbler
74%
Grasshopper Warbler
68%
Marsh Warbler
58%
Wood Warbler
55%
Yellow-Browed Warbler
50%
Aquatic Warbler
47%
Barred Warbler
45%
Icterine Warbler
39%
Western Subalpine Warbler
37%
Eastern Subalpine Warbler
34%
Melodious Warbler
34%
Savi's Warbler
29%
Pallas's Leaf Warbler
26%
Greenish Warbler
21%
Siberian Chiffchaff
16%
No matching quizzes found
Score Distribution
Percent of People with Each Score
Percentile by Number Answered
Your Score History
You have not taken this quiz